000 00588cam a2200205 4500500
005 20260329003916.0
041 _afre
042 _adc
100 1 0 _aNathan, Tobie
_eauthor
245 0 0 _aLave-linge. Golem à la folie
260 _c2017.
500 _a74
690 _aGolem
690 _aLave-linge
690 _aMythologie
690 _aRabbi Loew
690 _aTobie Nathan
786 0 _nPhilosophie magazine | 112 | 9 | 2017-09-01 | p. 15-15 | 1951-1787
856 4 1 _uhttps://shs.cairn.info/magazine-philosophie-magazine-2017-9-page-15?lang=fr&redirect-ssocas=7080
999 _c1828893
_d1828893